000 00441nam a2200157Ia 4500
005 20250424120331.0
008 250424s9999 xx 000 0 und d
022 _a00290092
050 _aHC 517 .N48 .N5/
245 4 _aThe nigerian journal of economic and social studies
260 _bNigerian Economic Society
260 _c2003
300 _a173 p. ; 21-24 cm.
650 _aNigeria--Economic conditions--Periodicals.
942 _cSR
999 _c38717
_d38717